FICG 30 : Festival Internacional de Cine en Guadalajara México : 6 – 15 [de] marzo [de] 2015 : catálogo = FICG 30 : Guadalajara Film Festival México : 6-15 marzo 2015 : Catalogue /

-д хадгалсан:
Номзүйн дэлгэрэнгүй
Байгууллагын зохиогч: Festival Internacional de Cine en Guadalajara ( Guadalajara, México)
Формат: Бага хурлын үйл явц Ном
Хэл сонгох:испани
Хэвлэсэн: Guadalajara, México : Festival Internacional de Cine en Guadalajara, 2015
Нөхцлүүд:
Шошгууд: Шошго нэмэх
Шошго байхгүй, Энэхүү баримтыг шошголох эхний хүн болох!

MARC

LEADER 00000nam^a2200000^a^4500
001 000354438
005 20260306000000.0
009 20260407173321.301
037 |a Acervo ITESO - Biblioteca 
041 |a ESP 
082 |a 302. 23550972352  |b FICG 2015 
111 |a Festival Internacional de Cine en Guadalajara (  |n 30° :  |d 2015 :  |c Guadalajara, México) 
240 1 1 |a [FICG] 
240 1 1 |a [FICG: catálogos] 
240 1 1 |a [FICG 30] 
240 1 1 |a [Festival Internacional de Cine en Guadalajara] 
240 1 1 |a [Festival Internacional de Cine en Guadalajara: catálogos] 
240 1 1 |a [Festival Internacional de Cine en Guadalajara 2015] 
245 1 0 |a FICG 30 :  |b Festival Internacional de Cine en Guadalajara México : 6 – 15 [de] marzo [de] 2015 : catálogo = FICG 30 : Guadalajara Film Festival México : 6-15 marzo 2015 : Catalogue / 
264 1 |a Guadalajara, México :  |b Festival Internacional de Cine en Guadalajara,  |c 2015 
300 |a 423 p. ;  |c 21.0 cm. 
336 |a texto  |b txt  |2 rdacontenido 
337 |a sin mediación  |b n  |2 rdamedio 
338 |a volumen  |b nc  |2 rdasoporte 
546 |a Edición bilingüe español-inglés 
585 |a Festival Internacional de Cine en Guadalajara (30°: 2015) 
649 |a XX 
650 |a Cineastas Italianos -  |x Homenajes 
650 |a Cineastas Mexicanos -  |x Homenajes 
650 |a Cineastas Rusos -  |x Homenajes 
650 |a Actores Españoles -  |x Homenajes 
650 |a Actores Mexicanos -  |x Homenajes 
650 |a Mujeres Españolas -  |x Homenajes 
650 |a Mujeres Mexicanas -  |x Homenajes 
650 |a Música en el Cine -  |x Ciclos y Retrospectivas 
650 |a Medio Ambiente en el Cine -  |x Ciclos y Retrospectivas 
650 |a Películas Infantiles -  |x Ciclos y Retrospectivas 
650 |a Cine Gay y Lésbico -  |x Festivales -  |x Catálogos 
650 |a Cine Gay y Lésbico -  |x Historia y Crítica 
650 |a Cine Mexicano -  |x Festivales -  |x Catálogos -  |x Tema Principal 
650 |a Cine Mexicano -  |x Ciclos y Retrospectivas 
650 |a Cine Mexicano -  |x Historia y Crítica 
650 |a Cine Mexicano -  |y 2010-2019 
650 |a Cine Mexicano -  |y Siglo XXI 
650 |a Cine Iberoamericano -  |x Festivales -  |x Catálogos -  |x Tema Principal 
650 |a Cine Iberoamericano -  |x Historia y Crítica 
650 |a Cine Iberoamericano -  |y 2010-2019 
650 |a Cine Iberoamericano -  |y Siglo XXI 
650 |a Cine Italiano -  |x Ciclos y Retrospectivas 
650 |a Cine Europeo -  |x Ciclos y Retrospectivas 
650 |a Cine -  |z Guadalajara, Jalisco -  |x Festivales -  |x Catálogos -  |x Tema Principal 
650 |a Cine -  |z México -  |x Festivales -  |x Catálogos 
650 |a Cine -  |x Festivales -  |x Catálogos 
650 |a Abril, Victoria 
650 |a Bertolucci, Bernardo 
650 |a Goldenblank, Boris 
650 |a Hermosillo, Jaime Humberto 
650 |a Vega, Isela 
910 |a Fondo General 
920 |a Impresos - Libros 
930 |a Libros Antiguos y Raros 
905 |a 108 
901 |a 0500247087  |b IT2  |c LRA  |i C145945  |u 20260306 
902 |a https://opac.biblio.iteso.mx/vufind/Record/000354438